000 00332nam a2200121Ia 4500
008 201214s9999 xx 000 0 und d
100 _aWarring, R. H. (ed.)
245 0 _aSome Aspects of Hydraulics in Mechanical Handling and Mobile Equipment
260 _aMorden
260 _bTrade & Technical Press
300 _a122
942 _cBK
999 _c5644
_d5644